[Event "2024 US National High School (K-12) Championship"]
[Site "Baltimore, Maryland, United States"]
[Date "2024.04.07"]
[Round "6.13"]
[White "Levine, Jack"]
[Black "Kaplan, Avi Harrison"]
[Result "0-1"]
[TimeControl "G/90; d10"]
[WhiteFideId "30916011"]
[BlackFideId "30934559"]
[WhiteElo "2168"]
[BlackElo "2319"]

1. e4 {[%clk 01:30:00]} {[%emt 00:00:02]} c5 {[%clk 01:30:00]} {[%emt
00:00:12]} 2. Nf3 {[%clk 01:30:00]} {[%emt 00:00:06]} d6 {[%clk 01:30:00]}
{[%emt 00:00:12]} 3. Bb5+ {[%clk 01:30:00]} {[%emt 00:00:09]} Nd7 {[%clk
01:30:00]} {[%emt 00:00:06]} 4. c3 {[%clk 01:30:00]} {[%emt 00:00:05]} Ngf6
{[%clk 01:29:44]} {[%emt 00:00:18]} 5. Qe2 {[%clk 01:30:00]} {[%emt 00:00:02]}
a6 {[%clk 01:25:36]} {[%emt 00:04:00]} 6. Ba4 {[%clk 01:29:07]} {[%emt
00:01:04]} b5 {[%clk 01:25:07]} {[%emt 00:00:38]} 7. Bc2 {[%clk 01:29:07]}
{[%emt 00:00:01]} e5 {[%clk 01:24:27]} {[%emt 00:00:51]} 8. O-O {[%clk
01:29:07]} {[%emt 00:00:04]} g6 {[%clk 01:24:18]} {[%emt 00:00:18]} 9. d4
{[%clk 01:26:18]} {[%emt 00:03:00]} Bg7 {[%clk 01:23:51]} {[%emt 00:00:37]} 10.
Rd1 {[%clk 01:26:18]} {[%emt 00:00:07]} Qe7 {[%clk 01:23:16]} {[%emt 00:00:45]}
11. a4 {[%clk 01:25:47]} {[%emt 00:00:41]} b4 {[%clk 01:18:32]} {[%emt
00:04:54]} 12. a5 {[%clk 01:16:10]} {[%emt 00:09:48]} O-O {[%clk 01:17:25]}
{[%emt 00:01:16]} 13. d5 {[%clk 01:14:50]} {[%emt 00:01:31]} Nh5 {[%clk
01:14:39]} {[%emt 00:02:55]} 14. cxb4 {[%clk 01:00:15]} {[%emt 00:14:46]} cxb4
{[%clk 01:14:04]} {[%emt 00:00:44]} 15. Bg5 {[%clk 01:00:01]} {[%emt 00:00:23]}
Qe8 {[%clk 01:10:55]} {[%emt 00:03:19]} 16. Nbd2 {[%clk 00:58:32]} {[%emt
00:01:38]} h6 {[%clk 01:08:46]} {[%emt 00:02:19]} 17. Be3 {[%clk 00:57:49]}
{[%emt 00:00:54]} Qe7 {[%clk 01:03:14]} {[%emt 00:05:43]} 18. Ba4 {[%clk
00:53:08]} {[%emt 00:04:52]} Rb8 {[%clk 00:50:29]} {[%emt 00:12:54]} 19. Bc6
{[%clk 00:44:48]} {[%emt 00:08:28]} Ndf6 {[%clk 00:46:05]} {[%emt 00:04:35]} 20.
Bb6 {[%clk 00:39:53]} {[%emt 00:05:05]} Nf4 {[%clk 00:41:50]} {[%emt 00:04:25]}
21. Qc4 {[%clk 00:37:50]} {[%emt 00:02:14]} Nh7 {[%clk 00:40:41]} {[%emt
00:01:19]} 22. Qxb4 {[%clk 00:32:35]} {[%emt 00:05:25]} f5 {[%clk 00:40:00]}
{[%emt 00:00:52]} 23. Ra3 {[%clk 00:20:43]} {[%emt 00:12:02]} g5 {[%clk
00:38:53]} {[%emt 00:01:16]} 24. Ne1 {[%clk 00:11:35]} {[%emt 00:09:18]} g4
{[%clk 00:36:15]} {[%emt 00:02:47]} 25. Re3 {[%clk 00:08:35]} {[%emt 00:03:10]}
Ng5 {[%clk 00:34:28]} {[%emt 00:01:58]} 26. exf5 {[%clk 00:08:18]} {[%emt
00:00:27]} Rxf5 {[%clk 00:33:15]} {[%emt 00:01:22]} 27. Kh1 {[%clk 00:03:30]}
{[%emt 00:04:58]} h5 {[%clk 00:30:27]} {[%emt 00:02:59]} 28. Bd8 {[%clk
00:02:53]} {[%emt 00:00:48]} Rxb4 {[%clk 00:27:14]} {[%emt 00:03:22]} 29. Bxe7
{[%clk 00:02:53]} {[%emt 00:00:02]} Nf7 {[%clk 00:27:14]} {[%emt 00:00:01]} 30.
b3 {[%clk 00:02:45]} {[%emt 00:00:19]} Ng6 {[%clk 00:27:07]} {[%emt 00:00:16]}
31. Nc2 {[%clk 00:00:32]} {[%emt 00:02:24]} Rb8 {[%clk 00:26:49]} {[%emt
00:00:27]} 32. Bxd6 {[%clk 00:00:32]} {[%emt 00:00:05]} Nxd6 {[%clk 00:26:49]}
{[%emt 00:00:02]} 33. Nc4 {[%clk 00:00:27]} {[%emt 00:00:15]} Bf8 {[%clk
00:26:24]} {[%emt 00:00:34]} 34. Kg1 {[%clk 00:00:22]} {[%emt 00:00:15]} Rf4
{[%clk 00:20:32]} {[%emt 00:06:02]} 35. Nb6 {[%clk 00:00:22]} {[%emt 00:00:09]}
Bf5 {[%clk 00:19:22]} {[%emt 00:01:20]} 36. Na3 {[%clk 00:00:22]} {[%emt
00:00:03]} Ne4 {[%clk 00:18:24]} {[%emt 00:01:08]} 37. g3 {[%clk 00:00:07]}
{[%emt 00:00:25]} Rxf2 {[%clk 00:17:58]} {[%emt 00:00:36]} 38. Rxe4 {[%clk
00:00:07]} {[%emt 00:00:10]} Bxe4 {[%clk 00:17:58]} {[%emt 00:00:02]} 39. Kxf2
{[%clk 00:00:07]} {[%emt 00:00:03]} Bxa3 {[%clk 00:17:58]} {[%emt 00:00:02]} 40.
Re1 {[%clk 00:00:04]} {[%emt 00:00:13]} Bc5+ {[%clk 00:17:51]} {[%emt
00:00:16]} 41. Kf1 {[%clk 00:00:04]} {[%emt 00:00:05]} Rf8+ {[%clk 00:17:51]}
{[%emt 00:00:08]} 42. Ke2 {[%clk 00:00:04]} {[%emt 00:00:02]} Rf2+ {[%clk
00:17:51]} {[%emt 00:00:01]} 43. Kd1 {[%clk 00:00:04]} {[%emt 00:00:02]} Bc2+
{[%clk 00:17:51]} {[%emt 00:00:01]} 0-1

[Event "2024 US National High School (K-12) Championship"]
[Site "Baltimore, Maryland, United States"]
[Date "2024.04.07"]
[Round "6.14"]
[White "Gupta, Arnav Tamnash"]
[Black "Mou, Iris"]
[Result "0-1"]
[TimeControl "G/90; d10"]
[BlackTitle "WIM"]
[WhiteFideId "30951984"]
[BlackFideId "30939836"]
[WhiteElo "2163"]
[BlackElo "2307"]

1. d4 {[%clk 01:30:00]} {[%emt 00:00:06]} Nf6 {[%clk 01:30:00]} {[%emt
00:00:25]} 2. c4 {[%clk 01:30:00]} {[%emt 00:00:06]} e6 {[%clk 01:30:00]}
{[%emt 00:00:11]} 3. g3 {[%clk 01:30:00]} {[%emt 00:00:03]} d5 {[%clk
01:29:03]} {[%emt 00:00:42]} 4. Bg2 {[%clk 01:30:00]} {[%emt 00:00:06]} Bb4+
{[%clk 01:29:03]} {[%emt 00:00:09]} 5. Nd2 {[%clk 01:30:00]} {[%emt 00:00:07]}
O-O {[%clk 01:28:05]} {[%emt 00:01:09]} 6. Ngf3 {[%clk 01:29:46]} {[%emt
00:00:24]} dxc4 {[%clk 01:25:37]} {[%emt 00:02:38]} 7. O-O {[%clk 01:29:46]}
{[%emt 00:00:08]} b5 {[%clk 01:23:28]} {[%emt 00:02:20]} 8. a4 {[%clk
01:29:06]} {[%emt 00:00:49]} c6 {[%clk 01:22:10]} {[%emt 00:01:29]} 9. Ne1
{[%clk 01:29:02]} {[%emt 00:00:13]} Ba6 {[%clk 01:17:51]} {[%emt 00:04:30]} 10.
Nc2 {[%clk 01:23:29]} {[%emt 00:05:41]} Be7 {[%clk 01:15:51]} {[%emt 00:02:11]}
11. axb5 {[%clk 01:19:50]} {[%emt 00:03:49]} Bxb5 {[%clk 01:15:41]} {[%emt
00:00:21]} 12. Nb1 {[%clk 01:18:29]} {[%emt 00:01:31]} Nbd7 {[%clk 01:10:06]}
{[%emt 00:05:46]} 13. Nc3 {[%clk 01:18:12]} {[%emt 00:00:25]} Nd5 {[%emt
00:03:36]} 14. e4 {[%clk 01:15:19]} {[%emt 00:01:17]} Nb4 {[%clk 00:53:35]}
{[%emt 00:15:02]} 15. Nxb4 {[%clk 01:10:06]} {[%emt 00:05:21]} Bxb4 {[%clk
00:53:35]} {[%emt 00:00:08]} 16. Qc2 {[%clk 01:06:14]} {[%emt 00:04:03]} e5
{[%clk 00:49:34]} {[%emt 00:04:12]} 17. Be3 {[%clk 00:46:08]} {[%emt 00:20:15]}
exd4 {[%clk 00:37:57]} {[%emt 00:11:48]} 18. Bxd4 {[%clk 00:46:08]} {[%emt
00:00:07]} Nc5 {[%clk 00:36:58]} {[%emt 00:01:10]} 19. Rfd1 {[%clk 00:44:58]}
{[%emt 00:01:19]} Qe7 {[%clk 00:30:28]} {[%emt 00:06:41]} 20. Be3 {[%clk
00:35:17]} {[%emt 00:09:49]} a5 {[%clk 00:28:01]} {[%emt 00:02:39]} 21. Bf1
{[%clk 00:26:03]} {[%emt 00:09:23]} Nb3 {[%clk 00:18:20]} {[%emt 00:09:52]} 22.
Rab1 {[%clk 00:25:35]} {[%emt 00:00:38]} Bc5 {[%clk 00:17:55]} {[%emt
00:00:35]} 23. Bxc5 {[%clk 00:22:28]} {[%emt 00:03:17]} Qxc5 {[%clk 00:17:49]}
{[%emt 00:00:16]} 24. Ne2 {[%clk 00:21:48]} {[%emt 00:00:50]} Rfe8 {[%clk
00:15:08]} {[%emt 00:02:51]} 25. Bg2 {[%clk 00:20:26]} {[%emt 00:01:31]} a4
{[%clk 00:13:53]} {[%emt 00:01:27]} 26. Qc3 {[%clk 00:19:05]} {[%emt 00:01:30]}
a3 {[%clk 00:10:50]} {[%emt 00:03:14]} 27. bxa3 {[%clk 00:19:05]} {[%emt
00:00:07]} Rxa3 {[%clk 00:10:38]} {[%emt 00:00:22]} 28. Nd4 {[%clk 00:18:40]}
{[%emt 00:00:34]} Na5 {[%clk 00:08:44]} {[%emt 00:02:04]} 29. Qc1 {[%clk
00:18:10]} {[%emt 00:00:40]} Ba4 {[%clk 00:07:57]} {[%emt 00:00:57]} 30. Rd2
{[%clk 00:16:43]} {[%emt 00:01:35]} c3 {[%clk 00:06:42]} {[%emt 00:01:26]} 31.
Nf5 {[%clk 00:15:54]} {[%emt 00:00:59]} c2 {[%clk 00:05:26]} {[%emt 00:01:27]}
32. Bf1 {[%clk 00:13:41]} {[%emt 00:02:22]} cxb1=Q {[%clk 00:04:39]} {[%emt
00:00:57]} 33. Qxc5 {[%clk 00:13:41]} {[%emt 00:00:04]} Ra1 {[%clk 00:04:03]}
{[%emt 00:00:46]} 34. Ne3 {[%clk 00:13:41]} {[%emt 00:00:01]} h6 {[%clk
00:02:37]} {[%emt 00:01:37]} 35. Qxa5 {[%clk 00:13:05]} {[%emt 00:00:46]} Bb5
{[%clk 00:02:29]} {[%emt 00:00:19]} 36. Qc3 {[%clk 00:12:40]} {[%emt 00:00:34]}
Bxf1 {[%clk 00:01:47]} {[%emt 00:00:52]} 37. Rd1 {[%clk 00:12:29]} {[%emt
00:00:22]} Qxd1 {[%clk 00:01:47]} {[%emt 00:00:05]} 38. Nxd1 {[%clk 00:12:29]}
{[%emt 00:00:06]} Rxd1 {[%clk 00:01:47]} {[%emt 00:00:01]} 39. h4 {[%clk
00:12:15]} {[%emt 00:00:25]} Bd3+ {[%clk 00:01:39]} {[%emt 00:00:18]} 40. Kh2
{[%clk 00:12:13]} {[%emt 00:00:12]} Bxe4 {[%clk 00:01:39]} {[%emt 00:00:04]} 41.
g4 {[%clk 00:12:13]} {[%emt 00:00:02]} Red8 {[%clk 00:01:28]} {[%emt 00:00:21]}
42. Qe5 {[%clk 00:12:10]} {[%emt 00:00:12]} Rh1+ {[%clk 00:01:06]} {[%emt
00:00:31]} 43. Kg3 {[%clk 00:12:10]} {[%emt 00:00:02]} Rd3+ {[%clk 00:01:03]}
{[%emt 00:00:13]} 44. f3 {[%clk 00:11:59]} {[%emt 00:00:21]} Rxf3+ {[%clk
00:01:03]} {[%emt 00:00:08]} 45. Kg2 {[%clk 00:11:59]} {[%emt 00:00:02]} Re1
{[%clk 00:00:49]} {[%emt 00:00:25]} 46. Qe8+ {[%clk 00:11:17]} {[%emt
00:00:52]} Kh7 {[%clk 00:00:49]} {[%emt 00:00:02]} 47. g5 {[%clk 00:11:16]}
{[%emt 00:00:10]} Rfe3+ {[%clk 00:00:40]} {[%emt 00:00:19]} 48. Kf2 {[%clk
00:11:16]} {[%emt 00:00:09]} R1e2+ {[%clk 00:00:30]} {[%emt 00:00:20]} 49. Kg1
{[%clk 00:11:08]} {[%emt 00:00:19]} Rg3+ {[%clk 00:00:30]} {[%emt 00:00:11]} 50.
Kf1 {[%clk 00:11:08]} {[%emt 00:00:07]} Bd3 {[%clk 00:00:23]} {[%emt 00:00:17]}
51. g6+ {[%clk 00:10:34]} {[%emt 00:00:43]} fxg6 {[%clk 00:00:23]} {[%emt
00:00:09]} 52. Qxg6+ {[%clk 00:10:10]} {[%emt 00:00:34]} Rxg6 {[%clk 00:00:23]}
{[%emt 00:00:07]} 53. h5 {[%clk 00:10:10]} {[%emt 00:00:02]} Rf6+ {[%clk
00:00:23]} {[%emt 00:00:08]} 0-1

[Event "2024 US National High School (K-12) Championship"]
[Site "Baltimore, Maryland, United States"]
[Date "2024.04.07"]
[Round "6.15"]
[White "Yehamandram, Yogeshwar"]
[Black "Cruz, Jean Marco"]
[Result "0-1"]
[TimeControl "G/90; d10"]
[BlackTitle "FM"]
[WhiteFideId "46653988"]
[BlackFideId "3526402"]
[WhiteElo "2161"]
[BlackElo "2272"]

1. c4 {[%clk 01:27:53]} {[%emt 00:02:17]} Nf6 {[%clk 01:29:37]} {[%emt
00:00:33]} 2. Nc3 {[%clk 01:27:51]} {[%emt 00:00:11]} g6 {[%clk 01:29:37]}
{[%emt 00:00:06]} 3. g3 {[%clk 01:27:51]} {[%emt 00:00:06]} Bg7 {[%clk
01:29:37]} {[%emt 00:00:04]} 4. Bg2 {[%clk 01:27:51]} {[%emt 00:00:05]} O-O
{[%clk 01:29:37]} {[%emt 00:00:06]} 5. Nf3 {[%clk 01:27:28]} {[%emt 00:00:33]}
d6 {[%clk 01:29:37]} {[%emt 00:00:08]} 6. O-O {[%clk 01:27:28]} {[%emt
00:00:06]} Nc6 {[%clk 01:27:12]} {[%emt 00:02:35]} 7. d3 {[%clk 01:26:22]}
{[%emt 00:01:15]} Nh5 {[%clk 01:26:29]} {[%emt 00:00:53]} 8. Bd2 {[%clk
01:22:30]} {[%emt 00:04:02]} f5 {[%clk 01:26:12]} {[%emt 00:00:28]} 9. Qc1
{[%clk 01:21:47]} {[%emt 00:00:52]} f4 {[%clk 01:08:12]} {[%emt 00:18:10]} 10.
gxf4 {[%clk 00:56:39]} {[%emt 00:25:18]} Bg4 {[%clk 00:49:03]} {[%emt
00:19:19]} 11. Be3 {[%clk 00:50:58]} {[%emt 00:05:50]} Qd7 {[%clk 00:46:36]}
{[%emt 00:02:38]} 12. Ng5 {[%clk 00:42:29]} {[%emt 00:08:39]} h6 {[%clk
00:43:38]} {[%emt 00:03:08]} 13. Nge4 {[%clk 00:42:07]} {[%emt 00:00:31]} Bh3
{[%clk 00:31:50]} {[%emt 00:11:59]} 14. Ng3 {[%clk 00:40:52]} {[%emt 00:01:25]}
Bxg2 {[%clk 00:31:50]} {[%emt 00:00:08]} 15. Kxg2 {[%clk 00:40:35]} {[%emt
00:00:27]} Qg4 {[%clk 00:31:39]} {[%emt 00:00:20]} 16. Nd5 {[%clk 00:27:25]}
{[%emt 00:13:20]} Rac8 {[%clk 00:30:43]} {[%emt 00:01:07]} 17. f3 {[%clk
00:24:00]} {[%emt 00:03:34]} Qh4 {[%clk 00:30:05]} {[%emt 00:00:48]} 18. Nxh5
{[%clk 00:22:41]} {[%emt 00:01:29]} Qxh5 {[%clk 00:30:05]} {[%emt 00:00:07]} 19.
Rb1 {[%clk 00:19:43]} {[%emt 00:03:08]} e6 {[%clk 00:25:52]} {[%emt 00:04:22]}
20. Nc3 {[%clk 00:19:07]} {[%emt 00:00:46]} Rce8 {[%clk 00:24:50]} {[%emt
00:01:12]} 21. Rf2 {[%clk 00:09:45]} {[%emt 00:09:32]} Qh4 {[%clk 00:23:43]}
{[%emt 00:01:18]} 22. Qd2 {[%clk 00:06:47]} {[%emt 00:03:08]} Ne7 {[%clk
00:21:51]} {[%emt 00:02:01]} 23. Kh1 {[%clk 00:05:14]} {[%emt 00:01:43]} d5
{[%clk 00:12:29]} {[%emt 00:09:32]} 24. d4 {[%clk 00:03:36]} {[%emt 00:01:48]}
Rxf4 {[%clk 00:11:46]} {[%emt 00:00:53]} 25. Bxf4 {[%clk 00:02:27]} {[%emt
00:01:19]} Qxf2 {[%clk 00:11:46]} {[%emt 00:00:01]} 26. Bxh6 {[%clk 00:01:42]}
{[%emt 00:00:55]} Nf5 {[%clk 00:11:43]} {[%emt 00:00:13]} 27. Bxg7 {[%clk
00:01:42]} {[%emt 00:00:05]} Kxg7 28. Nd1 {[%clk 00:01:42]} Qf1# 0-1

[Event "2024 US National High School (K-12) Championship"]
[Site "Baltimore, Maryland, United States"]
[Date "2024.04.07"]
[Round "6.16"]
[White "Heller, Jack"]
[Black "Singh, Hersh"]
[Result "0-1"]
[TimeControl "G/90; d10"]
[BlackTitle "FM"]
[WhiteFideId "30934451"]
[BlackFideId "30918804"]
[WhiteElo "2157"]
[BlackElo "2265"]

1. e4 {[%clk 01:30:00]} d6 {[%clk 01:30:00]} {[%emt 00:00:10]} 2. d4 {[%clk
01:30:00]} {[%emt 00:00:13]} Nf6 {[%clk 01:30:00]} {[%emt 00:00:08]} 3. Nc3
{[%clk 01:30:00]} {[%emt 00:00:10]} e5 {[%clk 01:30:00]} {[%emt 00:00:04]} 4.
Nf3 {[%clk 01:29:42]} {[%emt 00:00:23]} Nbd7 {[%clk 01:30:00]} {[%emt
00:00:03]} 5. Bc4 {[%clk 01:29:05]} {[%emt 00:00:30]} Be7 {[%clk 01:30:00]}
{[%emt 00:00:06]} 6. O-O {[%clk 01:29:03]} {[%emt 00:00:12]} O-O {[%clk
01:30:00]} {[%emt 00:00:04]} 7. Re1 {[%clk 01:28:48]} {[%emt 00:00:26]} c6
{[%clk 01:30:00]} {[%emt 00:00:07]} 8. a4 {[%clk 01:28:45]} {[%emt 00:00:14]}
h6 {[%clk 01:30:00]} {[%emt 00:00:06]} 9. h3 {[%clk 01:28:10]} {[%emt
00:00:43]} Re8 {[%clk 01:30:00]} {[%emt 00:00:06]} 10. Be3 {[%clk 01:26:39]}
{[%emt 00:01:40]} exd4 {[%clk 01:30:00]} {[%emt 00:00:08]} 11. Nxd4 {[%clk
01:26:12]} {[%emt 00:00:37]} Bf8 {[%clk 01:30:00]} {[%emt 00:00:07]} 12. f3
{[%clk 01:20:36]} {[%emt 00:05:46]} d5 {[%clk 01:28:56]} {[%emt 00:01:15]} 13.
exd5 {[%clk 01:18:42]} {[%emt 00:02:04]} Nb6 {[%clk 01:28:50]} {[%emt
00:00:16]} 14. Bb3 {[%clk 01:15:50]} {[%emt 00:03:01]} c5 {[%clk 01:26:51]}
{[%emt 00:02:09]} 15. Ndb5 {[%clk 01:11:38]} {[%emt 00:04:22]} c4 {[%clk
01:26:10]} {[%emt 00:00:51]} 16. a5 {[%clk 01:04:17]} {[%emt 00:07:32]} Nbxd5
{[%clk 01:04:16]} {[%emt 00:22:04]} 17. Nxd5 {[%clk 00:52:15]} {[%emt
00:12:11]} Nxd5 {[%clk 01:03:59]} {[%emt 00:00:28]} 18. Bf2 {[%clk 00:50:01]}
{[%emt 00:02:24]} Rxe1+ {[%clk 00:59:54]} {[%emt 00:04:15]} 19. Bxe1 {[%clk
00:49:58]} {[%emt 00:00:12]} Bxh3 {[%clk 00:47:43]} {[%emt 00:12:21]} 20. Bxc4
{[%clk 00:45:58]} {[%emt 00:04:10]} Qg5 {[%clk 00:46:19]} {[%emt 00:01:34]} 21.
g4 {[%clk 00:22:19]} {[%emt 00:23:48]} Ne3 {[%clk 00:38:45]} {[%emt 00:07:45]}
22. Bd2 {[%clk 00:18:32]} {[%emt 00:03:57]} Qe5 {[%clk 00:26:09]} {[%emt
00:12:46]} 23. Qe1 {[%clk 00:16:17]} {[%emt 00:02:25]} Nxc4 {[%clk 00:25:00]}
{[%emt 00:01:20]} 24. Qxe5 {[%clk 00:16:06]} {[%emt 00:00:20]} Nxe5 {[%clk
00:25:00]} {[%emt 00:00:03]} 25. Kf2 {[%clk 00:15:50]} {[%emt 00:00:27]} h5
{[%clk 00:20:46]} {[%emt 00:04:23]} 26. Kg3 {[%clk 00:14:15]} {[%emt 00:01:45]}
Nxf3 {[%clk 00:16:17]} {[%emt 00:04:39]} 27. Kxf3 {[%clk 00:13:48]} {[%emt
00:00:36]} Bxg4+ {[%clk 00:16:07]} {[%emt 00:00:21]} 28. Kg3 {[%clk 00:13:17]}
{[%emt 00:00:41]} a6 {[%clk 00:15:48]} {[%emt 00:00:29]} 29. Nd4 {[%clk
00:12:55]} {[%emt 00:00:31]} Bd6+ {[%clk 00:14:03]} {[%emt 00:01:55]} 30. Kg2
{[%clk 00:12:33]} {[%emt 00:00:32]} h4 {[%clk 00:12:49]} {[%emt 00:01:25]} 31.
Re1 {[%clk 00:12:02]} {[%emt 00:00:41]} f6 {[%clk 00:11:58]} {[%emt 00:01:01]}
0-1

[Event "2024 US National High School (K-12) Championship"]
[Site "Baltimore, Maryland, United States"]
[Date "2024.04.07"]
[Round "6.17"]
[White "Brady, Tyson"]
[Black "Tadevosyan, Levon"]
[Result "1-0"]
[TimeControl "G/90; d10"]
[WhiteFideId "30970369"]
[BlackFideId "13316850"]
[WhiteElo "2246"]
[BlackElo "1905"]

1. Nf3 {[%clk 01:29:59]} {[%emt 00:00:24]} Nf6 {[%clk 01:14:25]} {[%emt
00:15:30]} 2. g3 {[%clk 01:29:59]} {[%emt 00:00:04]} c5 {[%clk 01:14:17]}
{[%emt 00:00:19]} 3. Bg2 {[%clk 01:29:59]} {[%emt 00:00:03]} Nc6 {[%clk
01:14:17]} {[%emt 00:00:05]} 4. O-O {[%clk 01:29:59]} {[%emt 00:00:03]} d6
{[%clk 01:13:54]} {[%emt 00:00:33]} 5. b3 {[%clk 01:27:05]} {[%emt 00:03:05]}
g6 {[%clk 01:13:54]} {[%emt 00:00:04]} 6. Bb2 {[%clk 01:27:05]} {[%emt
00:00:04]} Bg7 {[%clk 01:13:54]} {[%emt 00:00:03]} 7. c4 {[%clk 01:26:41]}
{[%emt 00:00:34]} O-O {[%clk 01:13:54]} {[%emt 00:00:06]} 8. Nc3 {[%clk
01:26:41]} {[%emt 00:00:01]} Ne4 {[%clk 01:13:31]} {[%emt 00:00:33]} 9. Qc1
{[%clk 01:24:24]} {[%emt 00:02:27]} Nxc3 {[%clk 01:13:30]} {[%emt 00:00:11]} 10.
Bxc3 {[%clk 01:24:24]} {[%emt 00:00:06]} Bxc3 {[%clk 01:13:30]} {[%emt
00:00:10]} 11. Qxc3 {[%clk 01:24:24]} {[%emt 00:00:04]} Bg4 {[%clk 01:13:26]}
{[%emt 00:00:13]} 12. Rfe1 {[%clk 01:22:56]} {[%emt 00:01:38]} Qa5 {[%clk
01:07:41]} {[%emt 00:05:55]} 13. Qb2 {[%clk 01:19:50]} {[%emt 00:03:16]} Rab8
{[%clk 01:06:15]} {[%emt 00:01:36]} 14. Ng5 {[%clk 01:18:55]} {[%emt 00:01:04]}
h6 {[%clk 01:05:30]} {[%emt 00:00:55]} 15. Ne4 {[%clk 01:18:55]} {[%emt
00:00:07]} Nd4 {[%clk 01:05:30]} {[%emt 00:00:09]} 16. Nc3 {[%clk 01:16:17]}
{[%emt 00:02:48]} a6 {[%clk 01:04:16]} {[%emt 00:01:23]} 17. h3 {[%clk
01:08:30]} {[%emt 00:07:58]} Bd7 {[%clk 01:02:01]} {[%emt 00:02:23]} 18. Nd5
{[%clk 01:05:50]} {[%emt 00:02:52]} Rfe8 {[%clk 01:01:37]} {[%emt 00:00:33]} 19.
b4 {[%clk 01:02:33]} {[%emt 00:03:28]} Qd8 {[%clk 01:01:15]} {[%emt 00:00:32]}
20. e3 {[%clk 01:00:25]} {[%emt 00:02:19]} Ne6 {[%clk 01:01:14]} {[%emt
00:00:11]} 21. bxc5 {[%clk 00:53:57]} {[%emt 00:06:38]} dxc5 {[%clk 00:55:23]}
{[%emt 00:06:01]} 22. Qe5 {[%clk 00:52:29]} {[%emt 00:01:38]} Bc6 {[%clk
00:54:57]} {[%emt 00:00:36]} 23. f4 {[%clk 00:51:28]} {[%emt 00:01:11]} Bxd5
{[%clk 00:48:21]} {[%emt 00:06:46]} 24. cxd5 {[%clk 00:43:41]} {[%emt
00:07:57]} Nf8 {[%clk 00:47:05]} {[%emt 00:01:25]} 25. Rac1 {[%clk 00:40:25]}
{[%emt 00:03:28]} Qd6 {[%clk 00:40:57]} {[%emt 00:06:18]} 26. Qc3 {[%clk
00:40:25]} {[%emt 00:00:09]} Rec8 {[%clk 00:40:57]} {[%emt 00:00:07]} 27. e4
{[%clk 00:39:54]} {[%emt 00:00:42]} b5 {[%clk 00:40:57]} {[%emt 00:00:08]} 28.
e5 {[%clk 00:38:08]} {[%emt 00:01:55]} Qb6 {[%clk 00:35:32]} {[%emt 00:05:34]}
29. Kh2 {[%clk 00:36:41]} {[%emt 00:01:38]} c4 {[%clk 00:35:23]} {[%emt
00:00:19]} 30. Qf3 {[%clk 00:35:17]} {[%emt 00:01:33]} Qd4 {[%clk 00:35:13]}
{[%emt 00:00:20]} 31. f5 {[%clk 00:34:47]} {[%emt 00:00:41]} g5 {[%clk
00:35:12]} {[%emt 00:00:11]} 32. Qh5 {[%clk 00:32:44]} {[%emt 00:02:12]} Kh7
{[%clk 00:34:58]} {[%emt 00:00:23]} 33. Qxf7+ {[%clk 00:32:44]} {[%emt
00:00:05]} Kh8 {[%clk 00:34:58]} {[%emt 00:00:06]} 34. f6 {[%clk 00:32:26]}
{[%emt 00:00:28]} exf6 {[%clk 00:34:46]} {[%emt 00:00:23]} 35. exf6 {[%clk
00:32:26]} {[%emt 00:00:06]} 1-0